Welcome to CU Library Online Public Access Catalogue (OPAC)

Supervision : (Record no. 5107)

MARC details
000 -LEADER
fixed length control field 00818cam a2200253 a 4500
001 - CONTROL NUMBER
control field 2597000
005 - DATE AND TIME OF LATEST TRANSACTION
control field 20250324091029.0
008 - FIXED-LENGTH DATA ELEMENTS--GENERAL INFORMATION
fixed length control field 970327s1998 nyu 001 0 eng
020 ## - INTERNATIONAL STANDARD BOOK NUMBER
International Standard Book Number 0070578915 (alk. paper)
020 ## - INTERNATIONAL STANDARD BOOK NUMBER
International Standard Book Number 9780070578913
050 00 - LIBRARY OF CONGRESS CALL NUMBER
Classification number LB2806.4
Item number .S47 1998
082 00 - DEWEY DECIMAL CLASSIFICATION NUMBER
Classification number 371.2/03/0973
Edition information 21
100 1# - MAIN ENTRY--PERSONAL NAME
Personal name Sergiovanni, Thomas J.
245 10 - TITLE STATEMENT
Title Supervision :
Remainder of title a redefinition /
Statement of responsibility, etc. Thomas J. Sergiovanni, Robert J. Starratt.
250 ## - EDITION STATEMENT
Edition statement 6th ed.
260 ## - PUBLICATION, DISTRIBUTION, ETC.
Place of publication, distribution, etc. New York :
Name of publisher, distributor, etc. McGraw-Hill,
Date of publication, distribution, etc. c1998.
300 ## - PHYSICAL DESCRIPTION
Extent xv, 333 p. ;
Dimensions 25 cm.
500 ## - GENERAL NOTE
General note Includes index.
650 #0 - SUBJECT ADDED ENTRY--TOPICAL TERM
Topical term or geographic name entry element School supervision
Geographic subdivision United States.
650 #0 - SUBJECT ADDED ENTRY--TOPICAL TERM
Topical term or geographic name entry element School management and organization
Geographic subdivision United States.
650 #0 - SUBJECT ADDED ENTRY--TOPICAL TERM
Topical term or geographic name entry element School personnel management
Geographic subdivision United States.
700 1# - ADDED ENTRY--PERSONAL NAME
Personal name Starratt, Robert J.
942 ## - ADDED ENTRY ELEMENTS (KOHA)
Source of classification or shelving scheme Library of Congress Classification
Koha item type Books
Edition 6th Ed.
Suppress in OPAC No
999 ## -
-- 5107
-- 5107
Holdings
Withdrawn status Lost status Source of classification or shelving scheme Damaged status Not for loan Collection Home library Current library Shelving location Date acquired Total checkouts Full call number Barcode Date last seen Copy number Price effective from Koha item type
    Library of Congress Classification     Non-fiction Business Library (Miotso) Business Library (Miotso) General stacks 03/24/2025   LB2806.4 .S47 1998 BSSM00001529 03/24/2025 1 03/24/2025 Books
    Library of Congress Classification     Non-fiction Business Library (Miotso) Business Library (Miotso) General stacks 03/24/2025   LB2806.4 .S47 1998 BSSM00001530 03/24/2025 2 03/24/2025 Books
    Library of Congress Classification     Non-fiction Business Library (Miotso) Business Library (Miotso) General stacks 03/24/2025   LB2806.4 .S47 1998 BSSM00001531 03/24/2025 3 03/24/2025 Books
    Library of Congress Classification     Non-fiction Business Library (Miotso) Business Library (Miotso) General stacks 03/24/2025   LB2806.4 .S47 1998 BSSM00001532 03/24/2025 4 03/24/2025 Books
    Library of Congress Classification     Non-fiction Business Library (Miotso) Business Library (Miotso) General stacks 03/24/2025   LB2806.4 .S47 1998 BSSM00001533 03/24/2025 5 03/24/2025 Books
    Library of Congress Classification       Graduate Library (Christ Temple) Graduate Library (Christ Temple) General stacks 03/21/2026   LB 2806.4 SER gsct00003334 03/21/2026   03/21/2026 Books
    Library of Congress Classification       Graduate Library (Christ Temple) Graduate Library (Christ Temple) General stacks 03/21/2026   LB 2806.4 SER gsct00003335 03/21/2026   03/21/2026 Books
    Library of Congress Classification       Graduate Library (Christ Temple) Graduate Library (Christ Temple) General stacks 03/21/2026   LB 2806.4 SER gsct00003336 03/21/2026   03/21/2026 Books
    Library of Congress Classification       Graduate Library (Christ Temple) Graduate Library (Christ Temple) General stacks 03/21/2026   LB 2806.4 SER gsct00003337 03/21/2026   03/21/2026 Books
    Library of Congress Classification       Graduate Library (Christ Temple) Graduate Library (Christ Temple) General stacks 03/21/2026   LB 2806.4 SER gsct00003338 03/21/2026   03/21/2026 Books
    Library of Congress Classification       Graduate Library (Christ Temple) Graduate Library (Christ Temple) General stacks 03/21/2026   LB 2806.4 SER gsct00003339 03/21/2026   03/21/2026 Books
    Library of Congress Classification       Graduate Library (Christ Temple) Graduate Library (Christ Temple) General stacks 03/21/2026   LB 2806.4 SER gsct00003340 03/21/2026   03/21/2026 Books
    Library of Congress Classification       Graduate Library (Christ Temple) Graduate Library (Christ Temple) General stacks 03/21/2026   LB 2806.4 SER gsct00003341 03/21/2026   03/21/2026 Books
    Library of Congress Classification       Graduate Library (Christ Temple) Graduate Library (Christ Temple) General stacks 03/21/2026   LB 2806.4 SER gsct00003342 03/21/2026   03/21/2026 Books
    Library of Congress Classification       Graduate Library (Christ Temple) Graduate Library (Christ Temple) General stacks 03/21/2026   LB 2806.4 SER gsct00003343 03/21/2026   03/21/2026 Books
© 2023-2024 Copyright: Central University Libraries. All Rights Reserved | Created by: Mahone Tech Office